00334 a2200121 4500000002500000005001700025020001800042100002400060245007500084260002300159942000900182999002100191 nam a22 7a 450020260408122833.0 a9789368831983 aDavid Lunn91234323 aSufis In The Life Of Medieval India: The Life and Works of Simon Digby bPrimus Booksc2025 cTEXL c1848080d1848080